000 00408pab a2200157 454500
008 180718b1996 xxu||||| |||| 00| 0 eng d
100 _aChauhan, Balraj
245 _aProgramming responsible police functioning
260 _c1996
300 _ap.36-50
362 _aJan-Apr
650 _aPolice - India
650 _aPolice
773 _aIndian Journal of Criminology and Criminalistics
909 _a32191
999 _c32191
_d32191